| 000 | 00653nam a2200205Ia 4500 | ||
|---|---|---|---|
| 008 | 240729s9999 xx 000 0 und d | ||
| 022 | _a2634-4793 | ||
| 245 | 0 | _aEndocrine Oncology | |
| 260 | _aUnited Kingdom | ||
| 260 | _bBioscientifica | ||
| 650 | _a Diseases of the endocrine glands. Clinical endocrinology | Medicine | ||
| 650 | _a Internal medicine | ||
| 650 | _a Internal medicine | ||
| 650 | _a Neoplasms. Tumors. Oncology. Including cancer and carcinogens | ||
| 650 | _a Specialties of internal medicine | ||
| 650 | _aMedicine | ||
| 856 | _uhttps://doaj.org/toc/0193e79fcf884c328a2e40d98df38a44 | ||
| 942 | _2ddc | ||
| 942 | _cDOAJEJ | ||
| 999 |
_c68615 _d68615 |
||
| 945 |
_a1 _bMadushi Gamage _c1 _dMadushi Gamage |
||